Score 0/16 Timer 02:00
0 Plays Today
Scramble Word % Correct
GODO BOJGOOD JOB
99.8%
YWA OT OGWAY TO GO
98.2%
OODG ORF OYUGOOD FOR YOU
98%
EICN NGOGINICE GOING
97%
AROBVBRAVO
96.9%
LWLE NDOEWELL DONE
95.9%
ARHE ERHAHEAR HEAR
90.5%
ISLENDPD ORKWSPLENDID WORK
88.8%
Scramble Word % Correct
ODSKU OT YUOKUDOS TO YOU
86.8%
RINGLUTSCNATOAOCONGRATULATIONS
69.1%
OPSPRPROPS
67.7%
DTAINSGN ONVITAOSTANDING OVATION
53.8%
STILEFTICAONIFELICITATIONS
17%
TAMEMICDNOONCOMMENDATION
15.4%
LIONPMMESTCCOMPLIMENTS
11.9%
ORBPPINTAOAAPPROBATION
7.7%
Remove Ads.
Support Sporcle.
Get the best of Sporcle when you Go Orange. This ad-free experience offers more features, more stats, and more fun while also helping to support Sporcle. Thank you for becoming a member.

You're not logged in!

Compare scores with friends on all Sporcle quizzes.
OR
Log In

Show Comments

Extras

Top Quizzes Today


Score Distribution

Your Account Isn't Verified!

In order to create a playlist on Sporcle, you need to verify the email address you used during registration. Go to your Sporcle Settings to finish the process.

Report this User

Report this user for behavior that violates our Community Guidelines.

Details: